Critical (Registro nro. 2062)
[ vista simple ]
| 000 -LEADER | |
|---|---|
| fixed length control field | 01192nam a22001937a 4500 |
| 003 - CONTROL NUMBER IDENTIFIER | |
| control field | OSt |
| 005 - DATE AND TIME OF LATEST TRANSACTION | |
| control field | 20260410104321.0 |
| 008 - FIXED-LENGTH DATA ELEMENTS--GENERAL INFORMATION | |
| fixed length control field | 260410b |||||||| |||| 00| 0 eng d |
| 082 ## - DEWEY DECIMAL CLASSIFICATION NUMBER | |
| Edition number | 9780399154232 |
| Classification number | 9780399154232 |
| Item number | 9780399154232 |
| 100 ## - MAIN ENTRY--PERSONAL NAME | |
| Personal name | Robin Cook |
| 245 ## - TITLE STATEMENT | |
| Title | Critical |
| 250 ## - EDITION STATEMENT | |
| Edition statement | 1edicion |
| 260 ## - PUBLICATION, DISTRIBUTION, ETC. | |
| Place of publication, distribution, etc. | Nueva York |
| Name of publisher, distributor, etc. | G.P. Putnam's Sons |
| Date of publication, distribution, etc. | 2007 |
| 300 ## - PHYSICAL DESCRIPTION | |
| Extent | 464 pág |
| Dimensions | 16x23 |
| 490 ## - SERIES STATEMENT | |
| Materials specified | Cartón prensado rígido |
| 520 ## - SUMMARY, ETC. | |
| Summary, etc. | La doctora Laurie Montgomery investiga una serie de muertes extrañas por infecciones de estafilococo.<br/>Los fallecimientos ocurren en hospitales privados pertenecientes a una misma corporación médica.<br/>A medida que Laurie profundiza, descubre una conspiración que prioriza las ganancias sobre la vida.<br/>Su esposo, el patólogo Jack Stapleton, también se ve involucrado mientras lidia con problemas personales.<br/>La trama expone el peligro de las bacterias resistentes a los antibióticos en entornos clínicos.<br/>Intereses financieros intentan ocultar el brote para no dañar sus acciones en la bolsa.<br/>La investigación se convierte en una carrera contra el tiempo antes de que Laurie sea silenciada. |
| 700 ## - ADDED ENTRY--PERSONAL NAME | |
| Personal name | Robin Cook |
| 942 ## - ADDED ENTRY ELEMENTS (KOHA) | |
| Source of classification or shelving scheme | Dewey Decimal Classification |
| Koha item type | Libros |
| Suppress in OPAC | No |
| Withdrawn status | Lost status | Source of classification or shelving scheme | Damaged status | Not for loan | Collection | Home library | Current library | Shelving location | Date acquired | Source of acquisition | Coded location qualifier | Inventory number | Total checkouts | Full call number | Barcode | Date last seen | Copy number | Price effective from | Koha item type |
|---|---|---|---|---|---|---|---|---|---|---|---|---|---|---|---|---|---|---|---|
| Dewey Decimal Classification | Estantería F Fila 2 | Biblioteca Stanford | Biblioteca Stanford | Biblioteca Abierta | 10.04.2026 | LECTURA | 0486 | 0486 | LECTURA | BIBLIO0486 | 10.04.2026 | 1 | 10.04.2026 | Libros |